[Event "Charleville Mezieres op 14th"]
[Site "Charleville Mezieres"]
[Date "2017.12.26"]
[Round "4"]
[White "Flamant, Jacky"]
[Black "Toro, William"]
[Result "1-0"]
[WhiteElo "1587"]
[BlackElo "1440"]
[PlyCount "39"]
[EventDate "2017.12.26"]
[EventType "swiss"]
[EventRounds "7"]
[EventCountry "FRA"]
[SourceTitle "CBM 182 Extra"]
[Source "ChessBase"]
[SourceDate "2018.02.23"]
[SourceVersion "1"]
[SourceVersionDate "2018.02.23"]
[SourceQuality "1"]

1. e4 c5 2. Nf3 d6 3. d4 cxd4 4. Nxd4 Nf6 5. Nc3 g6 6. Be3 Bg7 7. f3 Qc7 8. Qd2 0-0 9. 0-0-0 Nc6 10. h4 h5 11. Be2 Na5 12. Bh6 Nc4 13. Bxc4 Qxc4 14. Bxg7 Kxg7 15. g4 hxg4 16. h5 Nxh5 17. fxg4 Bxg4 18. Rdg1 Nf6 19. Qh6+ Kg8 20. Qh8# 1-0

[Event "Charleville Mezieres op 11th"]
[Site "Charleville Mezieres"]
[Date "2014.??.??"]
[Round "7"]
[White "Flamant, Jacky"]
[Black "Roule, Nicolas"]
[Result "1/2-1/2"]
[WhiteElo "1702"]
[BlackElo "1628"]
[PlyCount "55"]
[EventDate "2014.12.26"]
[EventType "swiss"]
[EventRounds "7"]
[EventCountry "FRA"]
[SourceTitle "CBM 164 Extra"]
[Source "ChessBase"]
[SourceDate "2015.03.02"]
[SourceVersion "1"]
[SourceVersionDate "2015.03.02"]
[SourceQuality "1"]

1. e4 c6 2. d4 d5 3. e5 Bf5 4. Nf3 e6 5. Be2 c5 6. c3 Nc6 7. 0-0 cxd4 8. cxd4 Bb4 9. a3 Ba5 10. b4 Bb6 11. b5 Na5 12. a4 Rc8 13. Ba3 Rc2 14. Bd3 Bxd3 15. Qxd3 Qc7 16. Nbd2 Qc8 17. Rfc1 Rc7 18. Rxc7 Qxc7 19. Rc1 Qd7 20. Qc3 Ne7 21. Bb4 0-0 22. Qa3 Re8 23. Bc5 Bxc5 24. Rxc5 b6 25. Rc3 Nf5 26. Qc1 Ra8 27. Rc7 Qd8 28. Rc3 1/2-1/2

[Event "Charleroi op"]
[Site "Charleroi"]
[Date "2013.07.27"]
[Round "1"]
[White "Bomans, Arno"]
[Black "Flamant, Jacky"]
[Result "1-0"]
[WhiteElo "2204"]
[BlackElo "1733"]
[PlyCount "67"]
[EventDate "2013.07.27"]
[EventType "swiss"]
[EventRounds "9"]
[EventCountry "BEL"]
[SourceTitle "CBM 155 Extra"]
[Source "ChessBase"]
[SourceDate "2013.08.26"]
[SourceVersion "1"]
[SourceVersionDate "2013.08.26"]
[SourceQuality "1"]

1. d4 Nf6 2. c4 e5 3. dxe5 Ng4 4. Bf4 Bb4+ 5. Nd2 d6 6. exd6 Qf6 7. e3 g5 8. Bg3 h5 9. dxc7 Na6 10. h4 Qxb2 11. Ngf3 gxh4 12. Rxh4 Bc3 13. Rb1 Qxa2 14. Qb3 Qxb3 15. Rxb3 Ba5 16. Rb5 Bxc7 17. Bxc7 Nxc7 18. Rhxh5 Rxh5 19. Rxh5 Be6 20. Nd4 Ke7 21. Be2 Rg8 22. Bf3 Bc8 23. Rc5 Kd8 24. Rh5 Nf6 25. Rh6 Ke7 26. Ne4 Nxe4 27. Bxe4 a6 28. Rb6 Kd7 29. g3 Na8 30. Rh6 Ke7 31. Kd2 Nc7 32. Rb6 Na8 33. Rb2 Rd8 34. Bxb7 1-0

[Event "FRA-chT4"]
[Site "France"]
[Date "2012.10.14"]
[Round "1"]
[White "Flamant, Jacky"]
[Black "Regnier, Cedric"]
[Result "1/2-1/2"]
[WhiteElo "1769"]
[BlackElo "1701"]
[PlyCount "155"]
[EventDate "2012.10.24"]
[EventType "team-swiss"]
[EventRounds "9"]
[EventCountry "FRA"]
[SourceTitle "EXT 2014"]
[Source "ChessBase"]
[SourceDate "2013.11.20"]
[SourceVersion "1"]
[SourceVersionDate "2013.11.20"]
[SourceQuality "1"]

1. e4 c5 2. Nf3 d6 3. d4 cxd4 4. Nxd4 Nf6 5. Nc3 a6 6. Bg5 e5 7. Nf3 Be7 8. Bc4 0-0 9. Qd2 Nc6 10. 0-0-0 b5 11. Bd5 Nxd5 12. Nxd5 Bxg5 13. Nxg5 h6 14. Nf3 Ra7 15. h4 Be6 16. h5 Bxd5 17. Qxd5 Nb4 18. Qxd6 Nxa2+ 19. Kb1 Qa5 20. Rd3 Rc8 21. Ra3 Qb4 22. Qxe5 Re7 23. Qd4 Rxe4 24. Qxb4 Nxb4 25. c3 Nd3 26. Rd1 Nc5 27. Nd4 Rd8 28. Kc2 Rh4 29. Nf5 Rxd1 30. Nxh4 Rh1 31. g3 Rh2 32. b4 Na4 33. c4 Rxf2+ 34. Kc1 Re2 35. c5 Re7 36. Kd2 Rc7 37. Ke3 a5 38. Kd4 axb4 39. Rb3 Rxc5 40. Rxb4 Rxh5 41. Nf3 f6 42. Ke4 Kf7 43. g4 Rc5 44. Kd3 Ke7 45. Nd4 Rd5 46. Ke4 Nc3+ 47. Kf4 Na2 48. Nc6+ Kd6 49. Rb2 Kxc6 50. Rxa2 g5+ 51. Ke4 Re5+ 52. Kd4 Kb6 53. Rh2 Rc5 54. Rxh6 Rc4+ 55. Kd3 Rxg4 56. Rxf6+ Ka5 57. Kc3 Rg3+ 58. Kb2 g4 59. Rf4 Rg2+ 60. Kb3 g3 61. Rg4 Rg1 62. Kb2 b4 63. Kb3 g2 64. Rg5+ Kb6 65. Kb2 Kc6 66. Rg8 Kd5 67. Rd8+ Ke6 68. Re8+ Kf5 69. Rf8+ Kg6 70. Rg8+ Kf5 71. Rf8+ Ke4 72. Re8+ Kd5 73. Rd8+ Kc6 74. Rc8+ Kb7 75. Rg8 Rd1 76. Rxg2 Rd4 77. Rg6 Kc7 78. Kb3 1/2-1/2

[Event "FRA-chT3"]
[Site "France"]
[Date "2012.01.15"]
[Round "4"]
[White "Crepaux, Jean Marie"]
[Black "Flamant, Jacky"]
[Result "0-1"]
[WhiteElo "1860"]
[BlackElo "1756"]
[PlyCount "58"]
[EventDate "2012.01.20"]
[EventType "team-match"]
[EventRounds "9"]
[EventCountry "FRA"]
[SourceTitle "EXT 2014"]
[Source "ChessBase"]
[SourceDate "2013.11.20"]
[SourceVersion "1"]
[SourceVersionDate "2013.11.20"]
[SourceQuality "1"]

1. e4 e6 2. d4 d5 3. Nc3 Bb4 4. e5 c5 5. Bd2 a6 6. dxc5 Bxc5 7. Qg4 Ne7 8. Qxg7 Rg8 9. Qxh7 Bd7 10. Nh3 Qc7 11. f4 Nbc6 12. 0-0-0 0-0-0 13. Ng5 Nd4 14. Nxf7 Rdf8 15. Ng5 Nef5 16. Qh3 Bb4 17. g4 Ne7 18. Qd3 Ndc6 19. Bg2 Ng6 20. Rhf1 Be7 21. Nh3 Nb4 22. Qe3 Bc5 23. Qe2 d4 24. Ne4 d3 25. cxd3 Bd4+ 26. Nc3 Ba4 27. Kb1 Bc2+ 28. Ka1 Bxd3 29. Qf3 Nc2+ 0-1

[Event "FRA-chT3"]
[Site "France"]
[Date "2011.10.16"]
[Round "1"]
[White "Sohier, Renaud"]
[Black "Flamant, Jacky"]
[Result "0-1"]
[WhiteElo "1978"]
[BlackElo "1783"]
[PlyCount "91"]
[EventDate "2012.01.20"]
[EventType "team-match"]
[EventRounds "9"]
[EventCountry "FRA"]
[SourceTitle "EXT 2014"]
[Source "ChessBase"]
[SourceDate "2013.11.20"]
[SourceVersion "1"]
[SourceVersionDate "2013.11.20"]
[SourceQuality "1"]

1. d4 Nf6 2. c4 e5 3. d5 Bc5 4. Nc3 d6 5. Qc2 c6 6. h3 cxd5 7. cxd5 Nbd7 8. Bg5 Qc7 9. e4 a6 10. Bd3 b5 11. Nge2 Bb7 12. 0-0 Rc8 13. a3 0-0 14. Kh1 h6 15. Bh4 Nh5 16. f4 exf4 17. Nxf4 Nxf4 18. Rxf4 Ne5 19. Bg3 Bd4 20. Be1 Rfe8 21. Be2 Ng6 22. Rf5 Qe7 23. Rd1 Be5 24. Bh5 Rc7 25. Qe2 Bc8 26. Rf1 Nf4 27. Qf3 Qg5 28. Bd2 Qxh5 29. Bxf4 Qxf3 30. Rxf3 Bxf4 31. Rxf4 Rc4 32. g4 Re5 33. Kg2 h5 34. Kg3 hxg4 35. hxg4 f6 36. Kf3 Kf7 37. Ke3 g5 38. Rf2 Bxg4 39. Rdf1 f5 40. Kd3 Kg6 41. Kd2 f4 42. Rg1 Rd4+ 43. Kc2 Bh3 44. Rxf4 Kg7 45. Rf3 g4 46. Rxh3 0-1

[Event "FRA-chT4 1011"]
[Site "Champagne Ardennes"]
[Date "2011.01.16"]
[Round "?"]
[White "Noizet, Regis"]
[Black "Flamant, Jacky"]
[Result "1-0"]
[WhiteElo "1962"]
[BlackElo "1817"]
[PlyCount "55"]
[EventDate "2010.10.10"]
[EventType "team-tourn"]
[EventRounds "7"]
[EventCountry "FRA"]
[SourceTitle "EXT 2024"]
[Source "ChessBase"]
[SourceDate "2023.10.10"]
[SourceVersion "1"]
[SourceVersionDate "2023.10.10"]
[SourceQuality "1"]

1. e4 e6 2. d4 d5 3. exd5 exd5 4. Bf4 Nf6 5. Nf3 Bd6 6. Ne5 0-0 7. Bd3 Re8 8. 0-0 Nbd7 9. Re1 Nf8 10. Nc3 c6 11. Bg3 Qc7 12. Qd2 Ne6 13. Ne2 Nxd4 14. Nxf7 Nxe2+ 15. Rxe2 Rxe2 16. Nh6+ gxh6 17. Bxe2 Bxg3 18. fxg3 Qg7 19. Rf1 Bg4 20. Bd3 Re8 21. Qb4 Be2 22. Bxe2 Rxe2 23. Rxf6 Rxc2 24. Qd6 Rc1+ 25. Kf2 Rc2+ 26. Ke1 Rc1+ 27. Kd2 Qg5+ 28. Rf4 1-0

[Event "Charleroi op"]
[Site "Charleroi"]
[Date "2010.08.02"]
[Round "4"]
[White "Flamant, Jacky"]
[Black "Van Vliet, Dennis"]
[Result "0-1"]
[WhiteElo "1852"]
[BlackElo "2076"]
[PlyCount "56"]
[EventDate "2010.07.31"]
[EventType "swiss"]
[EventRounds "9"]
[EventCountry "BEL"]
[SourceTitle "CBM 137 Extra"]
[Source "ChessBase"]
[SourceDate "2010.09.01"]
[SourceVersion "1"]
[SourceVersionDate "2010.09.01"]
[SourceQuality "1"]

1. e4 e6 2. d4 d5 3. e5 c5 4. c3 Qb6 5. a3 Nc6 6. Nf3 Nh6 7. Bd3 Bd7 8. Bc2 a5 9. 0-0 Be7 10. b3 cxd4 11. cxd4 Nf5 12. Bb2 h6 13. Bxf5 exf5 14. Nc3 Be6 15. Rc1 g5 16. Na4 Qd8 17. Nc5 g4 18. Nxb7 Qb6 19. Nd6+ Bxd6 20. exd6 gxf3 21. Re1 Kd7 22. a4 fxg2 23. Rc5 Nb4 24. Qe2 Rhc8 25. Rb5 Qxd6 26. Rb7+ Rc7 27. Qb5+ Ke7 28. Rb6 Qd7 0-1

[Event "FRA-chT4 0809"]
[Site "France "]
[Date "2009.01.18"]
[Round "4"]
[White "Herman, Jean"]
[Black "Flamant, Jacky"]
[Result "1-0"]
[WhiteElo "2233"]
[BlackElo "1883"]
[PlyCount "41"]
[EventDate "2008.10.??"]
[EventType "team-tourn"]
[EventRounds "9"]
[EventCountry "FRA"]
[SourceTitle "EXT 2010"]
[Source "ChessBase"]
[SourceDate "2010.11.25"]
[SourceVersion "1"]
[SourceVersionDate "2010.11.25"]
[SourceQuality "1"]

1. e4 e6 2. d4 d5 3. Nc3 Bb4 4. a3 Bxc3+ 5. bxc3 c5 6. exd5 exd5 7. dxc5 Nf6 8. Nf3 0-0 9. Be2 Qa5 10. 0-0 Be6 11. Ng5 Nbd7 12. Rb1 Nxc5 13. Be3 b6 14. Bd4 Nfe4 15. Nxe4 Nxe4 16. Bd3 Nxc3 17. Qh5 f5 18. Rb3 Ne4 19. Bxe4 dxe4 20. Rg3 g6 21. Rxg6+ 1-0

[Event "FRA-ch op-B"]
[Site "Aix les Bains"]
[Date "2003.08.23"]
[Round "5"]
[White "Ferrieres, Sylvain"]
[Black "Flamant, Jacky"]
[Result "1-0"]
[WhiteElo "1699"]
[BlackElo "1850"]
[PlyCount "51"]
[EventDate "2003.08.19"]
[EventType "swiss"]
[EventRounds "9"]
[EventCountry "FRA"]
[SourceTitle "EXT 2004"]
[Source "ChessBase"]
[SourceDate "2003.11.25"]
[SourceVersion "1"]
[SourceVersionDate "2003.11.25"]
[SourceQuality "1"]

1. d4 Nf6 2. c4 e5 3. dxe5 Ng4 4. Bf4 Bb4+ 5. Nd2 d6 6. exd6 Qf6 7. Bg3 Qxb2 8. Ngf3 Bf5 9. h3 Bc2 10. Qc1 Bc3 11. dxc7 Na6 12. Qxb2 Bxb2 13. Nb3 Bxb3 14. Rb1 Bc3+ 15. Nd2 Nxf2 16. Bxf2 Bxc4 17. Rc1 Bxd2+ 18. Kxd2 b5 19. a4 0-0 20. axb5 Bxb5 21. Bxa7 Rac8 22. Bb6 Rfe8 23. e3 Bxf1 24. Rhxf1 Re7 25. Rc4 Re6 26. Rb1 1-0

[Event "Ardennes-ch 0102"]
[Site "Ardennes"]
[Date "2001.??.??"]
[Round "?"]
[White "Flamant, Jacky"]
[Black "Noizet, Regis"]
[Result "1-0"]
[WhiteElo "1740"]
[BlackElo "1700"]
[PlyCount "107"]
[EventDate "2001.??.??"]
[EventType "swiss"]
[EventRounds "9"]
[EventCountry "FRA"]
[SourceTitle "EXT 2008"]
[Source "ChessBase"]
[SourceDate "2007.11.25"]
[SourceVersion "1"]
[SourceVersionDate "2007.11.25"]
[SourceQuality "1"]

1. e4 d6 2. d4 Nf6 3. Nc3 g6 4. Bg5 Bg7 5. f4 0-0 6. Qd2 c6 7. Nf3 Qc7 8. h3 b5 9. Bd3 a5 10. 0-0 e6 11. Rae1 a4 12. e5 Ne8 13. Ne4 f6 14. exf6 Nxf6 15. Nxf6+ Bxf6 16. c3 Ra7 17. Bh6 Bg7 18. Bxg7 Qxg7 19. Ng5 Re7 20. Rf3 d5 21. Rg3 Rf6 22. Nf3 Qf8 23. Ne5 Rg7 24. Rg4 Qd6 25. Qf2 Nd7 26. Qh4 Rf8 27. Bxg6 hxg6 28. Nxg6 Kf7 29. Nxf8 Nxf8 30. Qh5+ Ng6 31. Re3 Qd8 32. Reg3 Qf6 33. Qh6 a3 34. bxa3 b4 35. axb4 Ba6 36. h4 Bd3 37. h5 Bf5 38. hxg6+ Bxg6 39. a4 Qf5 40. a5 Qb1+ 41. Kh2 Rh7 42. Rxg6 Rxh6+ 43. Rxh6 Qf1 44. Rf3 Qe2 45. f5 exf5 46. Rxf5+ Kg7 47. Rxc6 Qg4 48. Rcf6 Qh4+ 49. Kg1 Qe1+ 50. Rf1 Qe3+ 51. Kh1 Qxc3 52. a6 Qxd4 53. R6f4 Kg6 54. Rxd4 1-0